1375 1594 1071 1492 1387 1009 1668 1096 1687 1233 1653 1839 1783 1221 1347 1989 1371 1481 1701 1748 1609 1141 1152 1157 1221 1576 1140 1511 1706 1680 1225 1776 1251 1038 1229 1040 1544 1114 1421 1535 1663 1517 1525 1727 1761 1284 1075 1582 1316 1279 1407 1384 1502 1648 1770 1565 1293 1235 1110 1049 1368 1857 1394 1771 1059 1256 1369 1419 1138 1794 1249 1340 1440 1360 1538 1421 1744 1350 1717 1848 1171 1243 1744 1412 1729 1790 1563 1520 1706 1552 1289 1150 1251 1171 1622 1744 1123 1333 1649 BCNSPRNW ULIB Ver.6.0+V

เปลี่ยนเป็นภาษาไทย

Change to English
 แสดงรายละเอียดบรรณานุกรม
  กลับหน้าหลัก

Brief Record : Get Marc (ISO 2709) : E-mail record : QR code < ปิดหน้าต่าง
LEADER : 00000nam 2200000uu 4500
001    13399114984
003     ULIB
008    120626s2552||||th 000 0 tha d
020    ^a9789741329922
050  4 ^aPE1645^bว579พ
100 0  ^aวิทย์ เที่ยงบูรณธรรม
245 10 ^aEnglish-English-Thai dictionary (concise edition)/^cวิทย์ เที่ยงบูรณธรรม
246 31 ^aพจนานุกรม อังกฤษ-อังกฤษ-ไทย
250    ^aพิมพ์ครั้งที่ 1
260    ^aBangkok :^bThe Knowledge Center,^c2552
300    ^a1173 p.
650  0 ^aEnglish language^xdictionaries^xThai
650  0 ^aThai language^xdictionaries^xEnglish
945    ^p599^l0^i026834
945    ^p599^l0^i026835
995    ^aทศพร
รายการนี้ยังไม่มีแท็ก
คุณยังไม่ได้ล็อกอิน คุณสามารถมีกิจกรรมร่วมกับเว็บไซต์ได้ แต่ต้องล็อกอินก่อน ::
  ล็อกอิน

รายการสื่อสารสนเทศ

ลำดับที่ ประเภท เลขเรียก/บาร์โค้ด สถานที่ สถานะ
- ไม่พบข้อมูล -

รายการใกล้เคียง
    ผู้แต่ง [วิทย์ เที่ยงบูรณธรรม]

BibComment


ยังไม่เคยถูกคอมเมนท์

คอมเมนท์ทรัพยากรรายการนี้
  คอมเมนท์: EnglishEnglishTh..


 Copyright 2026. Bcnsprnw @Library